[Event "USA-ch U20 Girls"]
[Site "Saint Louis"]
[Date "2023.07.15"]
[Round "1"]
[White "Tang, Zoey"]
[Black "Mangalam, Shreya B"]
[Result "1-0"]
[WhiteElo "2290"]
[BlackElo "1972"]
[PlyCount "61"]
[EventDate "2023.07.15"]
[EventType "tourn"]
[EventRounds "9"]
[EventCountry "USA"]
[SourceTitle "CBM 215 Extra"]
[Source "ChessBase"]
[SourceDate "2023.09.30"]
[SourceVersion "1"]
[SourceVersionDate "2023.09.30"]
[SourceQuality "1"]

1. d4 d5 2. c4 e6 3. Nc3 Be7 4. cxd5 exd5 5. Bf4 c6 6. e3 Bf5 7. Nge2 Nd7 8. h4 h5 9. Ng3 Bg6 10. Bd3 Bxd3 11. Qxd3 g6 12. e4 dxe4 13. Ngxe4 Ndf6 14. 0-0 Nxe4 15. Nxe4 Nf6 16. Nxf6+ Bxf6 17. Qa3 Be7 18. Rfe1 f6 19. Bd6 Rh7 20. Re6 Rc8 21. Rae1 Rc7 22. Bxc7 Qxc7 23. Qd3 Rg7 24. Rxf6 Qa5 25. Rfe6 Kd8 26. Qe3 Bb4 27. Re5 Qxa2 28. Re8+ Kd7 29. Rb8 Rg8 30. Rxb7+ Kc8 31. Rxb4 1-0

[Event "USA-ch High School K12"]
[Site "Schaumburg"]
[Date "2019.03.16"]
[Round "5"]
[White "Nydick, Brandon"]
[Black "Mangalam, Shreya B"]
[Result "1-0"]
[WhiteElo "2150"]
[BlackElo "1935"]
[PlyCount "105"]
[EventDate "2019.03.15"]
[EventType "swiss"]
[EventRounds "7"]
[EventCountry "USA"]
[SourceTitle "CBM 189 Extra"]
[Source "ChessBase"]
[SourceDate "2019.06.03"]
[SourceVersion "1"]
[SourceVersionDate "2019.06.03"]
[SourceQuality "1"]

1. d4 d5 2. c4 e6 3. Nc3 Be7 4. Nf3 Nf6 5. Bg5 h6 6. Bh4 0-0 7. e3 c5 8. Bd3 Nbd7 9. 0-0 cxd4 10. exd4 dxc4 11. Bxc4 Nb6 12. Bd3 Bd7 13. Qe2 Bc6 14. Rad1 Nbd5 15. Bb1 Nf4 16. Qe3 Qc7 17. Bg3 Bd6 18. Ne5 N4d5 19. Qe2 Bxe5 20. dxe5 Nxc3 21. bxc3 Nd5 22. Qd3 g6 23. c4 Ne7 24. Qe3 Kh7 25. Bf4 Ng8 26. h4 Qe7 27. h5 Qh4 28. hxg6+ fxg6 29. Bg3 Qg5 30. Qc3 Rf4 31. Rd6 Re8 32. Qd3 Rf7 33. Qd4 h5 34. Be4 Bxe4 35. Qxe4 Nh6 36. Bh4 Qf5 37. f3 Kg8 38. Qe3 Ng4 39. Qd4 Nxe5 40. Bg3 Nc6 41. Qe3 g5 42. Re1 e5 43. Rd5 Rfe7 44. Qd2 Kh7 45. Re4 Qf6 46. Bf2 Nd4 47. Qd3 Nf5 48. g4 hxg4 49. fxg4 Nh4 50. Rexe5+ Kh6 51. Rxe7 Rxe7 52. Bxh4 gxh4 53. g5+ 1-0

[Event "Wch U14 Girls"]
[Site "Montevideo"]
[Date "2017.09.17"]
[Round "1"]
[White "Mangalam, Shreya B"]
[Black "Pandey, Divya"]
[Result "1-0"]
[WhiteElo "1820"]
[BlackElo "1421"]
[PlyCount "119"]
[EventDate "2017.09.17"]
[EventType "swiss"]
[EventRounds "11"]
[EventCountry "URU"]
[SourceTitle "CBM 180 Extra"]
[Source "ChessBase"]
[SourceDate "2017.10.06"]
[SourceVersion "1"]
[SourceVersionDate "2017.10.06"]
[SourceQuality "1"]

1. e4 c5 2. Nf3 d6 3. d4 cxd4 4. Nxd4 Nf6 5. Nc3 a6 6. Be2 e6 7. 0-0 Nbd7 8. f4 Be7 9. Bf3 Qc7 10. Be3 0-0 11. Kh1 Rb8 12. a4 b6 13. Qe1 Bb7 14. Nb3 Bc6 15. Qg3 Nc5 16. Nxc5 dxc5 17. e5 Ne8 18. Ne4 g6 19. Qh3 Bxe4 20. Bxe4 Ng7 21. g4 Rfd8 22. Rf3 f5 23. exf6 Bxf6 24. c3 Be7 25. f5 gxf5 26. gxf5 Qe5 27. Bc2 Nxf5 28. Bxf5 exf5 29. Bf4 Qe4 30. Bxb8 Rxb8 31. Rg1+ Kf7 32. Qxh7+ Ke6 33. Qg6+ Bf6 34. Rgf1 Rh8 35. Qxf5+ Qxf5 36. Rxf5 Be5 37. R5f2 Kd6 38. Rd2+ Kc6 39. Rf5 Bb8 40. Rf6+ Kc7 41. Rg2 Rh7 42. Rgf2 Rh4 43. R2f4 Rh8 44. Rf8 Rxf8 45. Rxf8 Kb7 46. Rxb8+ Kxb8 47. h4 Kc8 48. h5 Kd8 49. h6 Ke8 50. h7 Kf7 51. h8Q b5 52. axb5 axb5 53. Qe5 b4 54. cxb4 cxb4 55. Qf4+ Kg7 56. Qxb4 Kh6 57. Qg4 Kh7 58. Qg5 Kh8 59. Qe7 Kg8 60. b4 1-0

[Event "Wch U14 Girls"]
[Site "Khanty-Mansiysk"]
[Date "2016.09.28"]
[Round "6"]
[White "Mangalam, Shreya B"]
[Black "Aciu, Malina Andreea"]
[Result "0-1"]
[WhiteElo "1739"]
[BlackElo "1876"]
[PlyCount "96"]
[EventDate "2016.09.22"]
[EventType "swiss"]
[EventRounds "11"]
[EventCountry "RUS"]
[SourceTitle "EXT 2017"]
[Source "ChessBase"]
[SourceDate "2016.10.25"]
[SourceVersion "1"]
[SourceVersionDate "2016.10.25"]
[SourceQuality "1"]

1. e4 c5 2. Nf3 d6 3. d4 cxd4 4. Nxd4 Nf6 5. Nc3 a6 6. Be2 e6 7. 0-0 Nc6 8. Be3 Be7 9. f4 Bd7 10. Kh1 0-0 11. Qe1 Nxd4 12. Bxd4 Bc6 13. Qg3 b5 14. a3 Qc7 15. Rae1 Rfd8 16. Bd3 Ne8 17. Qh3 e5 18. Be3 exf4 19. Bxf4 Qc8 20. Qg3 Bf6 21. e5 dxe5 22. Bxe5 Bxe5 23. Rxe5 Qb8 24. Qf2 Ra7 25. Rh5 g6 26. Rh6 Qc7 27. Be4 Bxe4 28. Nxe4 f5 29. Ng5 Nf6 30. Nxh7 Nxh7 31. Rxg6+ Kh8 32. Qe3 f4 33. Qe4 Qc5 34. Qe6 Qe3 35. Qf5 Rad7 36. Qg4 Qf2 37. Rg1 Qxc2 38. Qh5 Qe4 39. Rxa6 Rg7 40. Qh3 Rd3 41. Re6 Qd5 42. Re8+ Rg8 43. Rxg8+ Kxg8 44. Qg4+ Qg5 45. Qe6+ Kg7 46. Rc1 Nf6 47. Qa2 f3 48. Rc7+ Kh6 0-1

[Event "Wch U14 Girls"]
[Site "Khanty-Mansiysk"]
[Date "2016.09.25"]
[Round "4"]
[White "Mangalam, Shreya B"]
[Black "Hryshchenko, Kamila"]
[Result "1/2-1/2"]
[WhiteElo "1739"]
[BlackElo "1839"]
[PlyCount "54"]
[EventDate "2016.09.22"]
[EventType "swiss"]
[EventRounds "11"]
[EventCountry "RUS"]
[SourceTitle "EXT 2017"]
[Source "ChessBase"]
[SourceDate "2016.10.25"]
[SourceVersion "1"]
[SourceVersionDate "2016.10.25"]
[SourceQuality "1"]

1. e4 d6 2. d4 Nf6 3. Nc3 g6 4. g3 Bg7 5. Bg2 0-0 6. Nge2 Nbd7 7. 0-0 c6 8. a4 e5 9. h3 Re8 10. Be3 Qe7 11. Qd2 exd4 12. Bxd4 d5 13. exd5 Nxd5 14. Bxg7 Kxg7 15. Nxd5 cxd5 16. Nf4 Nf6 17. Rfe1 Be6 18. Rad1 Qc5 19. Re3 Rad8 20. Rc1 Qb6 21. Rb3 Qc6 22. a5 Qc7 23. Re3 Qd7 24. Qd4 Qc6 25. Rc3 Qd7 26. Re3 Qc6 27. Rc3 Qd7 1/2-1/2

[Event "US Open-117"]
[Site "Indianapolis"]
[Date "2016.08.06"]
[Round "8"]
[White "Kukavica, Tony"]
[Black "Mangalam, Shreya B"]
[Result "1-0"]
[WhiteElo "1895"]
[BlackElo "1739"]
[PlyCount "65"]
[EventDate "2016.07.30"]
[EventType "swiss"]
[EventRounds "9"]
[EventCountry "USA"]
[SourceTitle "CBM 173 Extra"]
[Source "ChessBase"]
[SourceDate "2016.08.29"]
[SourceVersion "1"]
[SourceVersionDate "2016.08.29"]
[SourceQuality "1"]

1. Nf3 d5 2. c4 d4 3. e3 Nc6 4. exd4 Nxd4 5. Nxd4 Qxd4 6. Be2 Nf6 7. d3 Bf5 8. Nc3 e5 9. Be3 Qd7 10. d4 exd4 11. Qxd4 Qxd4 12. Bxd4 Be7 13. 0-0 0-0 14. Rfe1 Rfe8 15. Bf3 c6 16. Rad1 Be6 17. Be2 Nd7 18. a3 Bf6 19. Ne4 Be5 20. Bxe5 Nxe5 21. Nd6 Re7 22. f4 Ng4 23. Bf3 g6 24. f5 gxf5 25. Nxf5 Bxf5 26. Rxe7 Rb8 27. Re2 Nf6 28. Red2 Kg7 29. Rd8 Rxd8 30. Rxd8 Nd7 31. Ra8 Ne5 32. Rxa7 Nxc4 33. Rxb7 1-0